Manorama yearbook 2006 (Record no. 42563)

MARC details
000 -LEADER
fixed length control field 00271nam a2200109Ia 4500
020 ## - INTERNATIONAL STANDARD BOOK NUMBER
ISBN 054257778
082 ## - DEWEY DECIMAL CLASSIFICATION NUMBER
Classification number 0582006
Item number MAN
245 #0 - TITLE STATEMENT
Title Manorama yearbook 2006
260 ## - PUBLICATION, DISTRIBUTION, ETC. (IMPRINT)
Place of publication Kottayam
Name of publisher Malayala Manorama
Year of publication 2006
942 ## - ADDED ENTRY ELEMENTS (KOHA)
Koha item type Books
Holdings
Withdrawn status Lost status Damaged status Not for loan Home library Current library Date acquired Cost, normal purchase price Full call number Accession Number Koha item type
        RRII Library RRII Library 16/12/2021 120.00 0582006 MAN 22833 Books